000 00488nam a2200205Ia 4500
005 20250425162313.0
008 250425s9999 xx 000 0 und d
041 _aspa
082 _a363.7
110 _aREZZA EDITORES
245 0 _aTRATADO UNIVERSAL DEL MEDIO AMBIENTE
250 _a1A ED.
260 _aGUANAJUATO
260 _aMéxico
_bREZZA EDITORES
_c1950
300 _a126
650 _aMEDIO AMBIENTE URBANO
650 _aMEDIO RURAL
942 _c01
010 _a60452
999 _c226468
_d226468